[Event "Statler & Waldorf Summer Special"]
[Site "SchemingMind.com"]
[Date "2016.08.07"]
[Round "-"]
[White "fanfan_la_Tulipe"]
[Black "emvarela"]
[Result "1-0"]
[WhiteCountry "AUT"]
[BlackCountry "ARG"]
[WhiteElo "2071"]
[WhiteRD "78"]
[BlackElo "1712"]
[BlackRD "55"]
[GameID "402252"]

1. Nf3 d5 2. c4 dxc4 3. Na3 c5 4. Nxc4 Nc6 5. g3 g6 6. Bg2 Bg7 7. O-O Nf6 8. a3 O-O 9. d3 Bd7 10. Be3 b6
11. h3 Ne8 12. Rb1 Nd6 13. Nxd6 exd6 14. Qd2 Qe7 15. Rfe1 Rac8 16. Bh6 Qf6 17. Bxg7 Kxg7 18. Ng5 Nd4 19. Ne4 Qe7 20. e3 Ne6
21. Nc3 Nc7 22. d4 cxd4 23. Qxd4+ f6 24. Red1 Ne8 25. g4 Bc6 26. e4 Qe5 27. Rbc1 Rf7 28. Nd5 Bb7 29. Rxc8 Bxc8 30. Qb4 Bb7
31. f4 Qe6 32. Nc3 f5 33. gxf5 gxf5 34. Qd4+ Kg8 35. exf5 Qxf5 36. Re1 Nf6 37. Bxb7 Rxb7 38. Kh2 Qc5 39. Qe3 Qxe3 40. Rxe3 Kf7
41. Kg3 a6 42. f5 d5 43. Rd3 Rd7 44. Kf4 b5 45. Ke5 Re7+ 46. Kd4 Rd7 47. Kc5 h5 48. Nxd5 Nxd5 49. Rxd5 Rxd5+ 50. Kxd5 Kf6
51. Ke4 a5 52. h4
1-0

[Event "Statler & Waldorf Summer Special"]
[Site "SchemingMind.com"]
[Date "2016.08.05"]
[Round "-"]
[White "David Perna-Fraser"]
[Black "Lanaroon"]
[Result "1-0"]
[WhiteCountry "CAN"]
[BlackCountry "ENG"]
[WhiteElo "2356"]
[WhiteRD "71"]
[BlackElo "1542"]
[BlackRD "129"]
[GameID "402272"]

1. e4 e5 2. Nf3 Nc6 3. Bb5 a6 4. Ba4 b5 5. Bb3 Bc5 6. O-O Nf6 7. Nxe5 Nxe5 8. d4 Nc4 9. Bxc4 bxc4 10. dxc5 Nxe4
11. Re1 f5 12. Qd5 c6 13. Qe5+ Kf7 14. Qxf5+ Qf6 15. Qxe4 Bb7 16. Qxc4+ Kg6 17. Qg4+ Kf7 18. Qxd7+ Kg6 19. Re3 Rhd8 20. Rg3+ Kh5
21. Qh3+ Qh4 22. Rg5+
1-0

[Event "Statler & Waldorf Summer Special"]
[Site "SchemingMind.com"]
[Date "2016.08.05"]
[Round "-"]
[White "Lanaroon"]
[Black "David Perna-Fraser"]
[Result "0-1"]
[WhiteCountry "ENG"]
[BlackCountry "CAN"]
[WhiteElo "1542"]
[WhiteRD "129"]
[BlackElo "2356"]
[BlackRD "71"]
[GameID "402273"]

1. d4 Nf6 2. Nf3 e6 3. c4 Bb4+ 4. Nc3 b6 5. Bg5 h6 6. Bxf6 Qxf6 7. Qd3 Bb7 8. e4 Qg6 9. O-O-O Bxc3 10. Qxc3 Bxe4
11. Bd3 Bxd3 12. Rxd3 O-O 13. g3 d6 14. Re1 Nd7 15. b4 a5 16. b5 Nf6 17. Nh4 Qg5+ 18. f4 Qg4 19. Nf3 Rac8 20. Qd2 c6
21. a4 cxb5 22. axb5 Rxc4+ 23. Rc3 Rfc8 24. Kb2 Rxc3 25. Qxc3 Rxc3
0-1

[Event "Statler & Waldorf Summer Special"]
[Site "SchemingMind.com"]
[Date "2016.08.27"]
[Round "-"]
[White "pmdpsp"]
[Black "ray winteringham"]
[Result "1-0"]
[WhiteCountry "GER"]
[BlackCountry "ENG"]
[WhiteElo "1854"]
[WhiteRD "88"]
[BlackElo "1490"]
[BlackRD "52"]
[GameID "403042"]

1. c4 b5 2. cxb5 c6 3. a4 Nf6 4. Nc3 g6 5. e4 e5 6. Nf3 Bb7 7. Bc4 Bb4 8. O-O c5 9. Nxe5 O-O 10. d3 d6
11. Ng4 Nbd7 12. f4 Qb6 13. f5 Bxc3 14. bxc3 Nxg4 15. Qxg4 Ne5 16. Qh4 Qa5 17. Bh6 Rfe8 18. Qf6
1-0

[Event "Statler & Waldorf Summer Special"]
[Site "SchemingMind.com"]
[Date "2016.08.27"]
[Round "-"]
[White "ray winteringham"]
[Black "pmdpsp"]
[Result "0-1"]
[WhiteCountry "ENG"]
[BlackCountry "GER"]
[WhiteElo "1507"]
[WhiteRD "49"]
[BlackElo "1865"]
[BlackRD "89"]
[GameID "403043"]

1. d4 g6 2. e4 Bg7 3. g3 d6 4. Bg2 Nc6 5. Ne2 Bg4 6. f3 Bd7 7. O-O e5 8. d5 Nce7 9. c4 c6 10. Nbc3 cxd5
11. cxd5 Qb6+ 12. Kh1 O-O-O 13. Qc2 Kb8 14. Rb1 Rc8 15. Bd2 f5 16. Qd3 Nf6 17. b3 a6 18. Na4 Qd8 19. Be3 Bb5 20. Qd2 Qd7
21. Nb6 Qc7 22. Nxc8 Rxc8 23. Rfc1 Qd8 24. Rxc8+ Nxc8 25. Nc3 Na7 26. Bxa7+ Kxa7 27. Nxb5+ axb5 28. Bf1 Qb6 29. Qb4 fxe4 30. fxe4 Qd4
31. Qxd4+ exd4 32. Bxb5 Nxe4 33. Bd7 d3 34. Kg2 Nc3 35. Rb2 Bh6 36. Bg4 d2 37. Rc2 Nxd5 38. Bd1 Ne3+ 39. Kf3 Nxd1 40. Ke2 Nf2
41. Rxd2 Bxd2 42. Kxf2 d5 43. Ke2 Bc3 44. Kd3 d4 45. a3 b5 46. g4 h6 47. h3 Kb6 48. h4 Kc5 49. b4+ Kd5 50. Kc2 Kc4
51. Kb1 d3 52. Kc1 d2+ 53. Kd1 Kb3 54. a4 bxa4 55. b5 a3 56. b6 a2 57. b7 a1=Q+ 58. Ke2 Qe1+ 59. Kf3 d1=Q+
0-1

[Event "Statler & Waldorf Summer Special"]
[Site "SchemingMind.com"]
[Date "2016.09.20"]
[Round "-"]
[White "Holty"]
[Black "DANDYLIONHONEYBADGER"]
[Result "1-0"]
[WhiteCountry "ENG"]
[BlackCountry "USA"]
[WhiteElo "1769"]
[WhiteRD "66"]
[BlackElo "1312"]
[BlackRD "64"]
[GameID "403857"]

1. d4 e6 2. Nf3 Be7 3. e4 h6 4. Bd3 Nc6 5. a3 Nf6 6. e5 Nd5 7. Bd2 b6 8. Nc3 Nxc3 9. Bxc3 a6 10. O-O g6
11. b4 d6 12. Bb2 f6 13. Bxg6+ Kd7 14. Nh4 fxe5 15. dxe5 Rf8 16. Nf3 Bb7 17. Re1 Kc8 18. Nd4 Nxe5 19. Nxe6 Nf3+ 20. gxf3 Bxf3
21. Qd3 Qd7 22. Nxf8 Bxf8 23. Bf5
1-0

[Event "Statler & Waldorf Summer Special"]
[Site "SchemingMind.com"]
[Date "2016.09.15"]
[Round "-"]
[White "DANDYLIONHONEYBADGER"]
[Black "Holty"]
[Result "0-1"]
[WhiteCountry "USA"]
[BlackCountry "ENG"]
[WhiteElo "1312"]
[WhiteRD "64"]
[BlackElo "1769"]
[BlackRD "66"]
[GameID "403858"]

1. g4 d5 2. e3 e5 3. d3 Bc5 4. a3 Nf6 5. b4 Bd6 6. Nc3 Bxg4 7. f3 Be6 8. Nb5 Be7 9. d4 e4 10. Bh3 Bxh3
11. Nxh3 Qd7 12. Nc3 Qxh3 13. fxe4 Nxe4 14. Nxe4 dxe4 15. Qe2 Bh4+ 16. Kd2 Qf3 17. Qxf3 exf3 18. Rf1 f2 19. Bb2 Nd7 20. d5 f6
21. Ke2 Nb6 22. e4 O-O-O 23. Rfd1 Rhe8 24. Rd4 Na4 25. Rb1 f5 26. Kf3 Nxb2 27. Rf1 fxe4+ 28. Kg4 g5 29. c4 e3 30. c5 e2
31. d6 exf1=Q
0-1

[Event "Statler & Waldorf Summer Special"]
[Site "SchemingMind.com"]
[Date "2016.10.18"]
[Round "-"]
[White "sicilianchameleon"]
[Black "Robert Bruce"]
[Result "0-1"]
[WhiteCountry "USA"]
[BlackCountry "SCO"]
[WhiteElo "1680"]
[WhiteRD "213"]
[BlackElo "2288"]
[BlackRD "63"]
[GameID "405298"]

1. d4 f5 2. g3 Nf6 3. Bg2 g6 4. b4 Bg7 5. Bb2 O-O 6. c4 d6 7. Nf3 c5 8. bxc5 dxc5 9. d5 e6 10. Ng5 Re8
11. Nc3 Nxd5 12. Nxe6 Bxe6 13. cxd5 Bf7 14. O-O Nd7 15. Re1 Qa5 16. Qb3 c4 17. Qc2 b5 18. a4 b4 19. Nb5 c3 20. Bc1 Nc5
21. Bd2 cxd2
0-1

[Event "Statler & Waldorf Summer Special"]
[Site "SchemingMind.com"]
[Date "2016.10.19"]
[Round "-"]
[White "Robert Bruce"]
[Black "sicilianchameleon"]
[Result "1-0"]
[WhiteCountry "SCO"]
[BlackCountry "USA"]
[WhiteElo "2288"]
[WhiteRD "63"]
[BlackElo "1680"]
[BlackRD "213"]
[GameID "405299"]

1. f4 d5 2. Nf3 g6 3. e3 Bg7 4. Be2 Nf6 5. O-O O-O 6. d3 c6 7. Qe1 Nbd7 8. Nc3 Nc5 9. Ne5 d4 10. exd4 Qxd4+
11. Kh1 Be6 12. Qg3 Nd5 13. Nxd5 Qxd5 14. Be3 Nd7 15. c4 Qa5 16. Bd4 Nf6 17. Qe3 h5 18. Nxg6 Rfe8 19. f5 a6 20. Nxe7+ Rxe7
21. Qg5
1-0

[Event "Statler & Waldorf Summer Special"]
[Site "SchemingMind.com"]
[Date "2016.10.19"]
[Round "-"]
[White "David Perna-Fraser"]
[Black "William Lindberg"]
[Result "1/2-1/2"]
[WhiteCountry "CAN"]
[BlackCountry "USA"]
[WhiteElo "2323"]
[WhiteRD "72"]
[BlackElo "2373"]
[BlackRD "72"]
[GameID "405351"]

1. e4 e5 2. Nf3 Nc6 3. Bc4 Nf6 4. d4 exd4 5. e5 d5 6. Bb5 Ne4 7. Nxd4 Bd7 8. Bxc6 bxc6 9. O-O Bc5 10. Be3 Qe7
11. Re1 O-O 12. f3 Ng5 13. Nc3 Ne6 14. Qd2 Bxd4 15. Bxd4 Qb4 16. Bf2 Qxb2 17. a3 Qb7 18. f4 f5 19. Reb1 Qa6 20. Rb4 Rfb8
21. Ra4 Qb7 22. Ra5 a6 23. Na4 Qc8 24. Nc5 Nxc5 25. Rxc5 Rb5 26. a4 Rxc5 27. Bxc5 Rb8 28. Qa5 h6 29. h3 Rb2 30. Qc3 Rb8
31. Qa5=
1/2-1/2

[Event "Statler & Waldorf Summer Special"]
[Site "SchemingMind.com"]
[Date "2016.10.19"]
[Round "-"]
[White "William Lindberg"]
[Black "David Perna-Fraser"]
[Result "1-0"]
[WhiteCountry "USA"]
[BlackCountry "CAN"]
[WhiteElo "2408"]
[WhiteRD "71"]
[BlackElo "2328"]
[BlackRD "74"]
[GameID "405352"]

1. c4 Nf6 2. d4 e6 3. Nf3 Bb4+ 4. Bd2 Bxd2+ 5. Qxd2 b6 6. g3 Ba6 7. b3 O-O 8. Nc3 d6 9. Bg2 Bb7 10. O-O Nbd7
11. Ne1 Bxg2 12. Kxg2 e5 13. Nc2 a5 14. Rac1 h5 15. f3 Re8 16. Rcd1 exd4 17. Nxd4 Ne5 18. Qc2 Qd7 19. Nd5 Nxd5 20. cxd5 a4
21. b4 b5 22. e4 h4 23. gxh4 Ng6 24. Rg1 Nxh4+ 25. Kh1 Re5 26. f4 Rh5 27. f5 Qe7 28. Rg4 Qf6 29. Qxc7 Qh6 30. Qc2 Rg5
31. Rdg1 Rxg4 32. Rxg4 Qf6 33. Qd3 Rc8 34. Nc6 Kf8 35. Qxb5 Nf3 36. Qa6 Re8 37. Qf1 Ne5 38. Qh3 Nxc6 39. dxc6 Qb2 40. Qh8+ Ke7
41. Qh4+ Kf8 42. Qg5 Qb1+ 43. Rg1 Qxe4+ 44. Qg2 Qxf5 45. b5 Qxb5 46. Qxg7+ Ke7 47. Re1+ Kd8 48. Qf6+
1-0

[Event "Statler & Waldorf Summer Special"]
[Site "SchemingMind.com"]
[Date "2016.11.03"]
[Round "-"]
[White "Diadoco"]
[Black "Don71"]
[Result "0-1"]
[WhiteCountry "MEX"]
[BlackCountry "NIR"]
[WhiteElo "2005"]
[WhiteRD "84"]
[BlackElo "2330"]
[BlackRD "84"]
[GameID "405839"]

1. e4 e5 2. Nf3 Nc6 3. Bc4 Nf6 4. d3 Bc5 5. c3 O-O 6. O-O Bb6 7. Nbd2 a6 8. h3 Ba7 9. Bb3 d6 10. Re1 h6
11. Nf1 Na5 12. Bc2 c5 13. Ng3 Nc6 14. Be3 d5 15. Qe2 Be6 16. Rad1 d4 17. cxd4 exd4 18. Bd2 Bb8 19. a3 Re8 20. b4 cxb4
21. axb4 Bd6 22. Rb1 Nd7 23. b5 axb5 24. Rxb5 Qc7 25. Nf1 b6 26. Rc1 Ba3 27. Ra1 Na7 28. Rbb1 Qxc2 29. Nxd4 Qc5 30. Nxe6 fxe6
31. Be3 Qe7 32. Bxb6 Nxb6 33. Rxb6 Bc5 34. Rba6 Rab8 35. Ne3 Nb5 36. Nc4 Rf8 37. Ne3 Nd4 38. Qa2 Rb3 39. Rd1 Qb7 40. Rc1 Rb2
0-1

[Event "Statler & Waldorf Summer Special"]
[Site "SchemingMind.com"]
[Date "2016.11.01"]
[Round "-"]
[White "Don71"]
[Black "Diadoco"]
[Result "1-0"]
[WhiteCountry "NIR"]
[BlackCountry "MEX"]
[WhiteElo "2338"]
[WhiteRD "82"]
[BlackElo "2001"]
[BlackRD "85"]
[GameID "405840"]

1. e4 e5 2. Nf3 Nc6 3. d4 exd4 4. Nxd4 Bc5 5. Nb3 Bb6 6. Nc3 Nf6 7. Bd3 O-O 8. Bg5 h6 9. Bh4 Re8 10. O-O d6
11. Re1 Bg4 12. Qd2 Bh5 13. Nd5 Kh7 14. e5+ Kh8 15. Bxf6 gxf6 16. Qxh6+
1-0

[Event "Statler & Waldorf Summer Special"]
[Site "SchemingMind.com"]
[Date "2016.11.23"]
[Round "-"]
[White "fu_manchu"]
[Black "kenneth m day"]
[Result "1-0"]
[WhiteCountry "CAN"]
[BlackCountry "USA"]
[WhiteElo "1874"]
[WhiteRD "68"]
[BlackElo "1698"]
[BlackRD "55"]
[GameID "406765"]

1. e4 e5 2. Nf3 Nc6 3. Bc4 Bc5 4. O-O Nf6 5. d3 d6 6. Bg5 O-O 7. h3 Be6 8. Bxe6 fxe6 9. c3 a6 10. Qb3 Qc8
11. Nbd2 Na5 12. Qc2 Nc6 13. b4 Ba7 14. a4 Nh5 15. b5 axb5 16. axb5 Nd8 17. Ra2 Nf7 18. Rfa1 h6 19. Bh4 Nh8 20. Rxa7 Rxa7
21. Rxa7 Ng6 22. Qb3 Nhf4 23. Bg3 Nxd3 24. Qc4 Ngf4 25. Bxf4 Nxf4 26. Nh4 Kh7 27. Qb3 c6 28. bxc6 bxc6 29. Nc4 d5 30. exd5 exd5
31. Nxe5 Qe6 32. Qc2+ Kg8 33. Neg6 Nxg6 34. Qxg6 Qxg6 35. Nxg6 Rf6 36. Ra8+ Kh7 37. Ne5 c5 38. Rc8 d4 39. cxd4 cxd4 40. Rd8 Re6
41. Nf3 Re4 42. Rxd4
1-0

[Event "Statler & Waldorf Summer Special"]
[Site "SchemingMind.com"]
[Date "2016.11.22"]
[Round "-"]
[White "kenneth m day"]
[Black "fu_manchu"]
[Result "0-1"]
[WhiteCountry "USA"]
[BlackCountry "CAN"]
[WhiteElo "1698"]
[WhiteRD "55"]
[BlackElo "1874"]
[BlackRD "68"]
[GameID "406766"]

1. e4 d6 2. d4 g6 3. Nc3 Bg7 4. Nf3 Nf6 5. Be2 O-O 6. h3 c5 7. Be3 Nbd7 8. Qd2 a6 9. O-O-O cxd4 10. Nxd4 Nc5
11. f3 b5 12. a3 Bd7 13. g4 Rb8 14. h4 h5 15. gxh5 Nxh5 16. Rdg1 e5 17. Nf5 gxf5 18. Qxd6 Ne6 19. Qxe5 f6 20. Qxf5 Nef4
21. Qc5 Rc8 22. Qd4 Rxc3 23. Bxf4 Nxf4 24. Bd1 Rc8 25. h5 Qc7 26. c3 Kf7 27. h6 Bh8 28. Kb1 Be6 29. Qe3 Rg8 30. h7 Rxg1
31. Rxg1 a5 32. Qf2 Nh3
0-1

[Event "Statler & Waldorf Summer Special"]
[Site "SchemingMind.com"]
[Date "2016.12.27"]
[Round "-"]
[White "dadshane2000"]
[Black "Marco_M"]
[Result "0-1"]
[WhiteCountry "USA"]
[BlackCountry "ITA"]
[WhiteElo "1863"]
[WhiteRD "84"]
[BlackElo "2051"]
[BlackRD "107"]
[GameID "408573"]

1. e4 e5 2. Nf3 Nc6 3. Bb5 a6 4. Ba4 Nf6 5. O-O b5 6. Bb3 Bc5 7. a4 Rb8 8. c3 d6 9. d4 Bb6 10. axb5 axb5
11. Na3 O-O 12. Nxb5 Bg4 13. Bc2 Bxf3 14. gxf3 Nh5 15. f4 Nxf4 16. Bxf4 exf4 17. Qg4 Qf6 18. Ra6 Ne7 19. Na3 Ra8 20. Rxa8 Rxa8
21. Nc4 d5 22. e5 Qe6 23. Qxe6 fxe6 24. Na3 c5 25. dxc5 Bxc5 26. Nb5 Ra2 27. Rb1 g6 28. Bb3 Ra5 29. Nd4 Bxd4 30. cxd4 Rb5
31. Ba4 Rb4 32. Bd7 Kf7 33. Kg2 Nf5 34. b3 Nxd4 35. Ba4 g5 36. h3= Kg6 37. Be8+ Kf5 38. Bh5 Kxe5 39. Bd1 Kd6 40. Ra1 Rb7
0-1

[Event "Statler & Waldorf Summer Special"]
[Site "SchemingMind.com"]
[Date "2016.12.27"]
[Round "-"]
[White "Marco_M"]
[Black "dadshane2000"]
[Result "1/2-1/2"]
[WhiteCountry "ITA"]
[BlackCountry "USA"]
[WhiteElo "2081"]
[WhiteRD "112"]
[BlackElo "1921"]
[BlackRD "83"]
[GameID "408574"]

1. e4 e5 2. Nf3 Nc6 3. Bc4 Nf6 4. d4 exd4 5. O-O Nxe4 6. Re1 d5 7. Bxd5 Qxd5 8. Nc3 Qa5 9. Nxe4 Be6 10. Neg5 O-O-O
11. Nxe6 fxe6 12. Rxe6 Be7 13. Bd2 Qf5 14. Qe2 Bf6 15. Qe4 Qxe4 16. Rxe4 Rhe8 17. Rae1 Rxe4 18. Rxe4 d3 19. c3 Rd5 20. Ne1 Re5
21. Rxe5 Nxe5 22. b3 g5=
1/2-1/2

[Event "Statler & Waldorf Summer Special"]
[Site "SchemingMind.com"]
[Date "2017.01.06"]
[Round "-"]
[White "Robert Bruce"]
[Black "William Lindberg"]
[Result "1-0"]
[WhiteCountry "SCO"]
[BlackCountry "USA"]
[WhiteElo "2360"]
[WhiteRD "70"]
[BlackElo "2380"]
[BlackRD "76"]
[GameID "408864"]

1. d4 Nf6 2. Nf3 e6 3. Bg5 c5 4. e3 Nc6 5. Bd3 h6 6. Bxf6 Qxf6 7. c3 d5 8. O-O Bd6 9. dxc5 Bxc5 10. Nbd2 O-O
11. e4 Re8 12. Bc2 g6 13. Re1 Ne5 14. Qe2 Bd7 15. Rad1 Kg7 16. Nxe5 Qxe5 17. Qf3 Qg5 18. g3 Bc6 19. e5 d4 20. Be4 dxc3
21. bxc3 Rac8 22. Bxc6 Rxc6 23. Ne4 Qf5 24. Kg2 Rec8 25. Rd7 R8c7 26. Rxc7 Rxc7 27. Nf6 Rc8 28. Qxf5 exf5 29. Rd1 Be7 30. Nd5 Ba3
31. f4 Rc5 32. Kf1 b6 33. Rd4 Ra5 34. Ke2 h5 35. Kd1 Bc5 36. Rd2 Bg1 37. h4 Bh2 38. Rxh2 Rxd5+ 39. Rd2 Ra5 40. Kc1 f6
41. exf6+ Kxf6 42. Rd6+ Kf7 43. Kb1 Ra4 44. Kb2 Kg7 45. Rd7+ Kf6 46. Rb7 Ra5 47. c4 Ke6 48. a3 Ra4 49. Rg7 Rxc4 50. Rxg6+ Kd5
51. Rg5 Ke4 52. Rxh5 Rd4 53. Rg5 Rd2+ 54. Kc3 Rd3+ 55. Kb4 a6 56. a4 Rd4+ 57. Kb3 Rd3+ 58. Kb2 Rd2+ 59. Kc3 Rd4 60. Rg6 Rxa4
61. Rxb6 Ra3+ 62. Rb3 Ra1 63. Kc4 a5 64. Rc3 a4 65. Kb4 Rb1+ 66. Kxa4 Rb8 67. Ka3 Kd4 68. Rb3 Ra8+ 69. Kb2 Re8 70. Kc1 Re2
71. Rb4+ Kc5 72. Rb7 Re3 73. Rg7 Kd6 74. Kd2 Rb3 75. h5 Ke6 76. Ke2 Rb2+ 77. Ke1 Rh2 78. Rg5 Kf6 79. Kf1 Rc2 80. Rg6+ Kf7
81. Rb6 Rh2 82. Rb5 Rxh5 83. g4 Rh2 84. g5 Rc2 85. Rxf5+ Kg7 86. Rf6 Rb2 87. Rh6 Rb4 88. Rh4 Rb3 89. Kg2 Kg6 90. Rh6+ Kf5
91. Rf6+ Kg4 92. Kf2 Rb2+ 93. Ke3 Rb3+ 94. Kd4 Rb7 95. g6 Rd7+ 96. Kc5 Rc7+ 97. Kd6 Rb7 98. f5 Rb6+ 99. Ke7 Rb7+ 100. Kf8 Kg5
101. Rf7 Rb8+ 102. Kg7 Rd8 103. f6 Rd6 104. Ra7 Rxf6 105. Ra5+
1-0

[Event "Statler & Waldorf Summer Special"]
[Site "SchemingMind.com"]
[Date "2017.01.06"]
[Round "-"]
[White "William Lindberg"]
[Black "Robert Bruce"]
[Result "1/2-1/2"]
[WhiteCountry "USA"]
[BlackCountry "SCO"]
[WhiteElo "2424"]
[WhiteRD "70"]
[BlackElo "2355"]
[BlackRD "65"]
[GameID "408865"]

1. e4 d6 2. d4 Nf6 3. Nc3 g6 4. Nf3 Bg7 5. Be2 O-O 6. O-O c6 7. h3 Nbd7 8. Bf4 Qa5 9. a3 e5 10. dxe5 Nxe5
11. Qxd6 Nxf3+ 12. Bxf3 Be6 13. Rfd1 Rfd8 14. Qb4 Rxd1+ 15. Rxd1 Qxb4 16. axb4 Nd7 17. Be3 b6 18. Be2 Bxc3 19. bxc3 a5 20. f4 a4
21. g4 f5 22. gxf5 gxf5 23. exf5 Bxf5 24. Bf3 Rc8 25. Bg4 Bxg4 26. hxg4 Rc7 27. Kg2 Ra7 28. Ra1 c5 29. Kf3 h6 30. Bc1 cxb4
31. cxb4 b5 32. Be3 Rc7 33. Rh1 Rc6 34. Rh5 a3 35. Rxb5 Rc3 36. Ke4 Nf6+ 37. Kf5 Ne8 38. Bc5 Rxc2 39. Kg6 a2 40. Rb8 Re2
41. Ra8 Re6+ 42. Kh5 Re2 43. Kxh6 Kf7 44. f5 Kf6 45. Bd4+ Ke7 46. Ra7+ Kd6 47. f6 Nxf6 48. Bxf6 Rf2 49. b5 Rxf6+ 50. Kh5 Rf2
51. g5 Rh2+ 52. Kg4 Kc5 53. Kg3 Kb6 54. Ra8 Rd2 55. g6 Rd6 56. Rxa2 Rxg6+=
1/2-1/2

[Event "Statler & Waldorf Summer Special"]
[Site "SchemingMind.com"]
[Date "2017.01.23"]
[Round "-"]
[White "Jari Laine"]
[Black "fanfan_la_Tulipe"]
[Result "1-0"]
[WhiteCountry "FIN"]
[BlackCountry "AUT"]
[WhiteElo "2425"]
[WhiteRD "76"]
[BlackElo "2047"]
[BlackRD "81"]
[GameID "409571"]

1. e4 e5 2. Nf3 Nc6 3. Bc4 Nf6 4. d3 Be7 5. Bb3 d5 6. Qe2 Bg4 7. c3 O-O 8. h3 Be6 9. Bc2 Re8 10. Nbd2 h6
11. Nf1 Bf8 12. g4 Nh7 13. Ng3 g6 14. O-O Bg7 15. Be3 Qd7 16. Kh2 Rad8 17. Rg1 f6 18. Ba4 a6 19. Nh4 Qf7 20. Nhf5 Ng5
21. Nxg7 Kxg7 22. h4 Nh7 23. Nf5+ Bxf5 24. gxf5 g5 25. Bb3 Ne7 26. Rg3 c6 27. Kg2 Rh8 28. Rh1 Qe8 29. Qg4 dxe4 30. dxe4 Rd3
31. Rgh3 Qd8 32. hxg5
1-0

[Event "Statler & Waldorf Summer Special"]
[Site "SchemingMind.com"]
[Date "2017.01.23"]
[Round "-"]
[White "fanfan_la_Tulipe"]
[Black "Jari Laine"]
[Result "0-1"]
[WhiteCountry "AUT"]
[BlackCountry "FIN"]
[WhiteElo "2047"]
[WhiteRD "81"]
[BlackElo "2425"]
[BlackRD "76"]
[GameID "409572"]

1. Nf3 d5 2. c4 c6 3. e3 Nf6 4. d4 Bf5 5. Nc3 e6 6. Nh4 Bg6 7. Nxg6 hxg6 8. Be2 Nbd7 9. Qb3 Qb6 10. Bd2 Be7
11. Qc2 dxc4 12. Bxc4 c5 13. d5 Ne5 14. Qa4+ Kf8 15. dxe6 Nxc4 16. Qxc4 Qxb2 17. Rb1 Qc2 18. Rxb7 Rd8 19. Qe2 Rh4 20. f4 fxe6
21. g3 Ne4 22. Nxe4 Qxe4 23. O-O Qxb7 24. gxh4 Qb2 25. Rf2 Bxh4 26. Rg2 Rxd2
0-1

[Event "Statler & Waldorf Summer Special"]
[Site "SchemingMind.com"]
[Date "2017.02.20"]
[Round "-"]
[White "Holty"]
[Black "fu_manchu"]
[Result "0-1"]
[WhiteCountry "ENG"]
[BlackCountry "CAN"]
[WhiteElo "1698"]
[WhiteRD "61"]
[BlackElo "1879"]
[BlackRD "69"]
[GameID "410619"]

1. d4 Nf6 2. Nf3 g6 3. c4 Bg7 4. Nc3 O-O 5. Bg5 d6 6. e3 c5 7. Be2 h6 8. Bh4 g5 9. Bg3 Nh5 10. d5 Nxg3
11. hxg3 Nd7 12. Qc2 Nf6 13. O-O-O Bd7 14. Nh2 e5 15. g4 a6 16. g3 b5 17. e4 bxc4 18. f3 Re8 19. Bxc4 a5 20. a4 Rb8
21. Nb5 Bxb5 22. axb5 Qd7 23. Kd2 Ra8 24. Ra1 h5 25. Qd3 Qd8 26. Ra3 h4 27. gxh4 gxh4 28. Rha1 Bh6+ 29. Kc2 Bf4 30. Qe2 Nh7
31. Qg2 Ng5 32. Rh1 h3 33. Qf2 Kg7 34. Nf1 Rh8 35. Ng3 Bxg3 36. Qxg3 a4 37. Kd3 Qf6 38. Ke2 Qh6 39. Rh2 Qg6 40. Ke3 Qf6
41. Be2 Qe7 42. Bd3 c4 43. Bxc4 Qa7+ 44. Ke2 Qd4 45. Rc3 a3 46. Rxa3 Rxa3 47. bxa3 Qxc4+ 48. Kd1 Qxb5 49. Kd2 Qb2+ 50. Ke1 Qxa3
51. Qf2 Qxf3
0-1

[Event "Statler & Waldorf Summer Special"]
[Site "SchemingMind.com"]
[Date "2017.02.20"]
[Round "-"]
[White "fu_manchu"]
[Black "Holty"]
[Result "1-0"]
[WhiteCountry "CAN"]
[BlackCountry "ENG"]
[WhiteElo "1876"]
[WhiteRD "69"]
[BlackElo "1740"]
[BlackRD "62"]
[GameID "410620"]

1. d4 e6 2. c4 d5 3. Nc3 c6 4. e3 f5 5. Bd3 Nf6 6. Qc2 Bd6 7. Nf3 O-O 8. O-O Ne4 9. cxd5 exd5 10. Nd2 Qh4
11. g3 Qh3 12. Ndxe4 fxe4 13. Be2 Rf6 14. f4 exf3 15. Bxf3 Qe6 16. e4 dxe4 17. Nxe4 Rf8 18. Ng5 Qg6 19. Qb3+ Kh8 20. Bd2 b6
21. Be4
1-0

[Event "Statler & Waldorf Summer Special"]
[Site "SchemingMind.com"]
[Date "2017.04.17"]
[Round "-"]
[White "Jari Laine"]
[Black "Don71"]
[Result "1/2-1/2"]
[WhiteCountry "FIN"]
[BlackCountry "NIR"]
[WhiteElo "2418"]
[WhiteRD "79"]
[BlackElo "2353"]
[BlackRD "88"]
[GameID "412969"]

1. c4 e5 2. Nc3 Nf6 3. Nf3 Nc6 4. d4 exd4 5. Nxd4 Bb4 6. Bg5 O-O 7. e3 h6 8. Bh4 Bxc3+ 9. bxc3 Ne5 10. f3 Re8
11. Be2 Ng6 12. Bf2 c5 13. Nb3 b6 14. O-O Ba6 15. Nd2 d5 16. Qa4 Qc8 17. Rfd1 Ne5 18. Bg3 Nxc4 19. Bxc4 dxc4 20. Nf1 b5
21. Qa3 b4 22. Qa5 Qb7 23. Be1 bxc3 24. Bxc3 Qb6 25. Qa4 Bb5 26. Qa5 Re6 27. Qa3 Qc7 28. e4 Ra6 29. Qb2 Ba4 30. Rd2 Rd8
31. Ne3 Rxd2 32. Bxd2 Qd8 33. Nxc4 Qd4+ 34. Qxd4 cxd4 35. Rc1 Nd7 36. a3 Rc6 37. Na5 Rxc1+ 38. Bxc1 Nc5 39. Bf4 Nb3 40. Nxb3 Bxb3
41. Kf2 Bc2 42. Ke2 d3+ 43. Kd2 Kf8 44. g4 Ke7 45. h4 Ke6 46. Bb8=
1/2-1/2

[Event "Statler & Waldorf Summer Special"]
[Site "SchemingMind.com"]
[Date "2017.04.17"]
[Round "-"]
[White "Don71"]
[Black "Jari Laine"]
[Result "1/2-1/2"]
[WhiteCountry "NIR"]
[BlackCountry "FIN"]
[WhiteElo "2339"]
[WhiteRD "87"]
[BlackElo "2404"]
[BlackRD "76"]
[GameID "412970"]

1. e4 e5 2. Nf3 Nc6 3. Bb5 a6 4. Bxc6 dxc6 5. O-O f6 6. d4 exd4 7. Nxd4 c5 8. Ne2 Qxd1 9. Rxd1 Bd7 10. Be3 O-O-O
11. Nbc3 Re8 12. Rd2 Bc6 13. Rad1 b6 14. a4 Ne7 15. a5 Kb7 16. Rd8 g6 17. Rxe8 Bxe8 18. Nf4 Bh6 19. Ne6 Bxe3 20. fxe3 f5
21. b3 Bc6 22. Nd8+ Kb8 23. Nxc6+ Nxc6 24. exf5 gxf5 25. axb6 cxb6 26. Rd6 Kc7 27. Rf6 Nb4 28. Rxf5 Nxc2 29. Rf7+ Kd6 30. Rf6+ Ke5
31. Rxb6 Nxe3 32. Rxa6 Rf8 33. Ra1 Kd4 34. Rc1 h5 35. Na4 h4 36. Nxc5 Rg8 37. Ne6+ Ke4 38. Kh1 Rxg2 39. Ra1 Re2 40. Rg1 Ke5=
1/2-1/2

[Event "Statler & Waldorf Summer Special"]
[Site "SchemingMind.com"]
[Date "2017.04.23"]
[Round "-"]
[White "fu_manchu"]
[Black "Robert Bruce"]
[Result "0-1"]
[WhiteCountry "CAN"]
[BlackCountry "SCO"]
[WhiteElo "1813"]
[WhiteRD "74"]
[BlackElo "2339"]
[BlackRD "74"]
[GameID "413150"]

1. d4 Nf6 2. c4 c5 3. d5 b5 4. cxb5 a6 5. bxa6 g6 6. g3 Bg7 7. Bg2 d6 8. Nf3 O-O 9. O-O Nxa6 10. Nc3 Qb6
11. e4 c4 12. Nd2 Bg4 13. Qe1 Rfc8 14. e5 dxe5 15. Qxe5 Nb4 16. Nf3 Nc2 17. Rb1 Bf5 18. Bd2 Nb4 19. Be3 Qd8 20. Bd4 Bxb1
21. Rxb1 Nxa2 22. Nd2 Ne8 23. Qf4 Qd6 24. Qxd6 Nxd6 25. Bxg7 Kxg7 26. Nxa2 Rxa2 27. Bf1 c3 28. Nf3 cxb2 29. Nd4 Rc1
0-1

[Event "Statler & Waldorf Summer Special"]
[Site "SchemingMind.com"]
[Date "2017.04.22"]
[Round "-"]
[White "Robert Bruce"]
[Black "fu_manchu"]
[Result "1-0"]
[WhiteCountry "SCO"]
[BlackCountry "CAN"]
[WhiteElo "2353"]
[WhiteRD "75"]
[BlackElo "1869"]
[BlackRD "73"]
[GameID "413151"]

1. d4 Nf6 2. Nf3 g6 3. g3 Bg7 4. Bg2 O-O 5. O-O d6 6. a4 a5 7. b3 Nbd7 8. Bb2 c6 9. Nbd2 Nb6 10. e4 Bg4
11. h3 Bxf3 12. Qxf3 Nfd7 13. Qe3 e5 14. Rad1 Re8 15. dxe5 dxe5 16. Nf3 Qc7 17. h4 Bf8 18. h5 Bc5 19. Qh6 Nf6 20. hxg6 fxg6
21. Bh3 Nh5 22. Ng5 Qg7 23. Qxg7+ Nxg7 24. Nf3 Nh5 25. Kg2 Nf6 26. Ng5 Nbd7 27. Bxd7 Nxd7 28. Rxd7
1-0